000 00613nam a2200217 a 4500
001 0001-2070
003 ELIB.Books
008 190722 2010 eng
020 _a13: 9789814270212
092 _a241
_bChi
100 _aChia, Roland.
245 _aBiomedical Ethics & the Church
260 _aSingapore
_bNational Council of Churchs of Singapore
_c2010
300 _a216
_c20cm
650 _aEthics
856 _nKBTS Library
_uKBTS Elib
942 _2ddc
_cBK
990 _a6
998 _aEnglishbooks.elf
_ccat
_e2019-07-22
_mcat
_u2019-07-22
999 _c12070
_d12070